Normal view MARC view
  • Iqbal Concept of Religion

Entry Topical Term

Number of records used in: 1

001 - CONTROL NUMBER

  • control field: 109477

003 - CONTROL NUMBER IDENTIFIER

  • control field: NUST

005 - DATE AND TIME OF LATEST TRANSACTION

  • control field: 20230222124826.0

008 - FIXED-LENGTH DATA ELEMENTS

  • fixed length control field: 230222|| aca||aabn | a|a d

040 ## - CATALOGING SOURCE

  • Original cataloging agency: NUST
  • Transcribing agency: NUST

150 ## - HEADING--TOPICAL TERM

  • Topical term or geographic name entry element: Iqbal Concept of Religion

670 ## - SOURCE DATA FOUND

  • Source citation: Work cat.: (NUST)188048: Yasir, Khalid Iqbal 14456, Ahwal-o-Aasar / احوال و آثار (Urdu) /, 1993
© 2023 Central Library, National University of Sciences and Technology. All Rights Reserved.